BIBLIOTHÈQUE DE LA MAISON DU MEXIQUE

Logo 1 Logo 2

Obras completas (notice nᵒ 2305)

détails MARC
000 -Sello discográfico
campo de control de longitud fija 01455nam a2200373 4500
005 - Identificación de versión
campo de control 20251016083252.0
010 ## - Número Estándar Internacional de Libros (ISBN)
Número (ISBN) 968-29-0644-X (Obra completa)
035 ## - Otros números de control del sistema
Número de control del sistema 23113
099 ## - fechas locales
Tipo de ítem Koha LIBRO
100 ## - Datos de procesamiento general
Datos de procesamiento general 19971218d1986 m y1spay5003 ba
105 ## - Campo de datos codificados: Material textual, monográfico
Datos codificados de monografía y 001zy
200 1# - Título y mención de responsabilidad
Título propio Obras completas
Designación general del material texto impreso
Primer mención de responsabilidad Ignacio Manuel Altamirano
Declaración de responsabilidad subsiguiente coordinación Nicole Girón
205 ## - Declaración de edición
Declaración de edición 1a ed
210 ## - Publicación, distribución, etc.
Lugar de publicación, distribución, etc. México
Nombre del editor, distribuidor, etc. Secretaría de Educación Pública
Fecha de publicación, distribución, etc. 1986
215 ## - Descripción física
Designación de material específico y extensión del ítem 24 v
Dimensiones 21 cm
300 ## - Notas generales
Texto de la nota La biblioteca cuenta únicamente con vols. 1-5
327 ## - Nota de contenidos
Texto de la nota v.1: Discursos y brindis -- v.2: Obras histróricas -- v.3: Novelas y cuentos, 1 -- v.4: Novelas y cuentos, 2 -- v.5: Textos costumbristas
345 ## - Nota de información de adquisición
Fuente de adquisición/dirección de la suscripción [OBSOLETO] Donación
606 ## - Término temático usado como materia
Elemento de entrada Literatura mexicana
Subdivisión temática Alocuciones, ensayos y conferencias
Número Koha 5402
660 ## - Código de área geográfica
Código MX
700 ## - Nombre personal - Responsabilidad primaria
Elemento de entrada Altamirano Basilio
Parte del nombre distinta del elemento de entrada Ignacio Manuel
Fechas 1834-1893
Número Koha 496
702 ## - Nombre personal - Responsabilidad secundaria
Elemento de entrada Giron
Parte del nombre distinta del elemento de entrada Nicole
Fechas 1941-
Número Koha 5403
801 #0 - Fuente de origen
Agencia cm
900 ## -
-- 1/15066
900 ## -
-- 710976650\\181297
942 ## - ELEMENTOS DE ENTRADA SECUNDARIOS (KOHA)
Tipo de ítem Koha Livre
996 ## -
-- MEX
-- 751145101
-- MMAG
-- 007261
-- 863.3 A465OB V.1
-- 20230130LIV
996 ## -
-- MEX
-- 751145101
-- MMAG
-- 007262
-- 863.3 A465OB V.2
-- 20230130LIV
996 ## -
-- MEX
-- 751145101
-- MMAG
-- 007263
-- 863.3 A465OB V.3
-- 20230130LIV
996 ## -
-- MEX
-- 751145101
-- MMAG
-- 007264
-- 863.3 A465OB V.4
-- 20230130LIV
996 ## -
-- MEX
-- 751145101
-- MMAG
-- 007265
-- 863.3 A465OB V.5
-- 20230130LIV
Exemplaires
Estatus retirado Estado de daño Estado de pérdida Fecha de adquisición Biblioteca de origen Biblioteca actual Ubicación en estantería Código de barras Precio de reemplazo Signatura topográfica completa No para préstamo Tipo de ítem Koha Nota pública Nota no pública
      05/08/2025 Casa México Paris Casa México Paris   007261 05/08/2025 863.3 A465OB V.1   Livre 20230130LIV 751145101
      05/08/2025 Casa México Paris Casa México Paris   007262 05/08/2025 863.3 A465OB V.2   Livre 20230130LIV 751145101
      05/08/2025 Casa México Paris Casa México Paris   007263 05/08/2025 863.3 A465OB V.3   Livre 20230130LIV 751145101
      05/08/2025 Casa México Paris Casa México Paris   007264 05/08/2025 863.3 A465OB V.4   Livre 20230130LIV 751145101
      05/08/2025 Casa México Paris Casa México Paris   007265 05/08/2025 863.3 A465OB V.5   Livre 20230130LIV 751145101